Международное инвестирование: учебное пособие
| Yazar: | |
|---|---|
| Müşterek Yazar: | |
| Özet: | Заглавие с титульного экрана Электронная версия печатной публикации В пособии рассматриваются макроэкономические и микроэкономические основы международного инвестирования. Также излагаются теоретические основы трансграничного инвестирования в реальный сектор экономики; рассматривается организация международного рынка капитала, его правовое обеспечение, методы оценки эффективности функционирования. Предназначено для студентов очного обучения, обучающихся по направлению 080500 «Менеджмент» Режим доступа: из корпоративной сети ТПУ |
| Dil: | Rusça |
| Baskı/Yayın Bilgisi: |
Томск, Изд-во ТПУ, 2010
|
| Konular: | |
| Online Erişim: | http://www.lib.tpu.ru/fulltext2/m/2011/m206.pdf |
| Materyal Türü: | Elektronik Kitap |
| KOHA link: | https://koha.lib.tpu.ru/cgi-bin/koha/opac-detail.pl?biblionumber=196799 |
MARC
| LEADER | 00000nlm0a2200000 4500 | ||
|---|---|---|---|
| 001 | 196799 | ||
| 005 | 20240202105423.0 | ||
| 035 | |a (RuTPU)RU\TPU\book\214678 | ||
| 090 | |a 196799 | ||
| 100 | |a 20110530d2010 m y0rusy50 ca | ||
| 101 | 0 | |a rus | |
| 102 | |a RU | ||
| 105 | |a a j 001zy | ||
| 135 | |a drcn ---uucaa | ||
| 181 | 0 | |a i | |
| 182 | 0 | |a b | |
| 200 | 1 | |a Международное инвестирование |e учебное пособие |f С. Л. Еремина |g Национальный исследовательский Томский политехнический университет (ТПУ) | |
| 203 | |a Текст |c электронный | ||
| 210 | |a Томск |c Изд-во ТПУ |d 2010 | ||
| 300 | |a Заглавие с титульного экрана | ||
| 300 | |a Электронная версия печатной публикации | ||
| 330 | |a В пособии рассматриваются макроэкономические и микроэкономические основы международного инвестирования. Также излагаются теоретические основы трансграничного инвестирования в реальный сектор экономики; рассматривается организация международного рынка капитала, его правовое обеспечение, методы оценки эффективности функционирования. Предназначено для студентов очного обучения, обучающихся по направлению 080500 «Менеджмент» | ||
| 333 | |a Режим доступа: из корпоративной сети ТПУ | ||
| 337 | |a Adobe Reader | ||
| 452 | 1 | |0 (RuTPU)RU\TPU\book\209491 |t Международное инвестирование |o учебное пособие для вузов |f С. Л. Еремина |g Национальный исследовательский Томский политехнический университет (ТПУ) |c Томск |n Изд-во ТПУ |d 2010 |p 114 с. |a Еремина, Софья Леонидовна | |
| 606 | 1 | |a Международные инвестиции |2 stltpush |3 (RuTPU)RU\TPU\subj\36406 |9 57800 | |
| 610 | 1 | |a электронный ресурс | |
| 610 | 1 | |a труды учёных ТПУ | |
| 610 | 1 | |a мировая экономика | |
| 610 | 1 | |a рынок капитала | |
| 610 | 1 | |a иностранное инвестирование | |
| 610 | 1 | |a инвестиции | |
| 610 | 1 | |a ТНК | |
| 610 | 1 | |a транснациональные корпорации | |
| 610 | 1 | |a инвестиционный климат | |
| 610 | 1 | |a инвестиционные стратегии | |
| 610 | 1 | |a международный опыт | |
| 610 | 1 | |a регулирование | |
| 610 | 1 | |a иностранный капитал | |
| 610 | 1 | |a эффективность | |
| 610 | 1 | |a оценка | |
| 610 | 1 | |a учебные пособия | |
| 686 | |a У526я73 |2 rubbk | ||
| 700 | 1 | |a Еремина |b С. Л. |c экономист |c профессор Томского политехнического университета, доктор экономических наук |f 1955- |g Софья Леонидовна |3 (RuTPU)RU\TPU\pers\27937 |9 12940 | |
| 712 | 0 | 2 | |a Национальный исследовательский Томский политехнический университет (ТПУ) |c (2009- ) |3 (RuTPU)RU\TPU\col\15902 |
| 801 | 1 | |a RU |b 63413507 |c 20110530 | |
| 801 | 2 | |a RU |b 63413507 |c 20130314 |g RCR | |
| 856 | 4 | |u http://www.lib.tpu.ru/fulltext2/m/2011/m206.pdf | |
| 942 | |c CF | ||